000
00310nam a2200133Ia 4500
008
240624s9999 xx 000 0 und d
041
_a
eng
082
_a
303.4833 MIL
100
_a
MILLER MICHAEL
245
_a
YOUTUBE 4 YOU
260
_c
2007
_a
Indiana
_b
Que
300
_a
197 : p. : cm. ; 22
365
_c
_b
27
999
_c
15794
_d
15794